| 000 | 00603nam a22001937a 4500 | ||
|---|---|---|---|
| 999 |
_c2150 _d2150 |
||
| 003 | AR-CdUCM | ||
| 008 | 190304b ||||| |||| 00| 0 spa d | ||
| 040 |
_aMUNICIPALIDAD PROVINCIAL DEL CUSCO _cBIBLIOTECA MUNICIPAL DEL CUSCO |
||
| 082 |
_a371.22 / _bSI586 |
||
| 100 |
_aSilva de Santolalla, Irene _97747 |
||
| 245 |
_aEl gran problema : _bKUTYUKFU / |
||
| 260 |
_aLima : _bsalas e hijos, _c1957. |
||
| 300 |
_a215 paginas ; _c19 cm. |
||
| 505 | _ajyrtyfkuyfu -- jhfkygliygil -- jbjkgkk.bj-- jkbjk... | ||
| 650 |
_amhfchtc _97748 |
||
| 650 |
_ala famig _97749 |
||
| 942 |
_2ddc _cLIBROS |
||
| 945 | _awnts | ||